000 00655nam a2200229Ia 4500
003 OSt
005 20221006164303.0
006 a|||||r|||| 00| 0
007 ta
008 221006b |||||||| |||| 00| 0 eng d
024 _a3,080
037 _cTextual
040 _aFML
_cFML
_beng
041 _2eng
_aeng
082 _aAk, K4
100 _aS. C. S. T. T. Ed.
_9677052
245 0 _aScience Glossary By Standing Commission for Scientific and Technical Terminology
260 _aDelhi
_bMinistry of Education Govt. Of India
_c1964
300 _a534
_ccm.
942 _hAk, K4
_cTEXL
_2CC
999 _c1116746
_d1116746